00690 a2200241 4500003000500000005001700005020002600022040000900048082000800057082000800065100002300073245006800096250001100164260002800175300001600203500002300219650004500242650001800287651001100305942001200316999001900328952010100347Nust20170207154049.0 a0-340-70610-4 (pbk) ; cNust a415 a4151 aBorsley, Robert D.00aSyntactic theory :a unified approach(E-BOOK)cRobert D. Borsley a2. ed. aLondon :bArnold,c1998 axii, 276 s. aPrevious ed.: 1991 7aGrammar, Comparative and generalxSyntax 7aSyntaxxteori aE-BOOK 2ddccBK c193030d193030 00102ddc40708NFICaMCSbMCSd2016-12-12l0o415 BORpMCSEB-2246r2016-12-08w2016-12-12yBK